[Event "WSTCC-50 2020"]
[Site "Prague"]
[Date "2020.03.11"]
[Round "6.24"]
[White "Leverett, Bruce"]
[Black "Chaloupka, Frantisek"]
[Result "1-0"]
[WhiteElo "2264"]
[BlackElo "1990"]
[Annotator "TA"]
[PlyCount "79"]
[EventDate "2020.03.06"]
[EventType "team-tourn"]
[EventCountry "CZE"]
[SourceTitle "playchess.com"]
[Source "ChessBase"]
[SourceQuality "1"]

{[%evp 15,79,6,12,6,15,12,210,213,229,227,374,339,383,370,368,343,348,301,329,199,180,197,200,195,200,217,218,231,277,271,277,276,258,247,217,214,262,253,242,235,265,258,353,353,362,354,364,362,362,346,360,343,429,424,441,390,525,526,604,597,702,699,681,671,795,762]} 1. d4 d5 2. c4 dxc4 3. e3 Nf6 4. Bxc4 e6 5. Nf3 c5 6. O-O a6 7. Nc3 b5 8. Bb3 Bb7 9. e4 $1 {[%mdl 4] now scores much better than the old 9.Qe2. D27: Queen's Gambit Accepted: Classical main line: 7 e4!? and 7 a4.} cxd4 10. Nxd4 {[#]} Bb4 $146 {[#]} (10... Nc6 $11 11. Nxc6 Qxd1 12. Nxd1 Bxc6) ({Predecessor:} 10... Nc6 11. Nxc6 Qxd1 12. Rxd1 Bxc6 13. f3 Bc5+ 14. Kf1 Ke7 15. Ne2 Rhd8 16. Bg5 Rxd1+ 17. Rxd1 {1-0 (45) Artemiev,V (2736)-Izoria,Z (2603) Astana 2019}) 11. e5 $18 {White is clearly better.} Bxc3 12. bxc3 Nd5 (12... Ne4 {might work better.}) 13. Qg4 O-O {[#]} 14. Bh6 $1 {[%csl Gh6][%cal Rg4g7][%mdl 512]} g6 15. Bxf8 Kxf8 16. Rad1 Nd7 17. Rfe1 {Hoping for Qxe6!} Qe7 18. c4 bxc4 19. Bxc4 N7b6 20. Bb3 Rc8 21. Rc1 Qd7 22. Rxc8+ Nxc8 23. Rc1 Nce7 24. Ba4 Qd8 25. Nb3 ({But not} 25. Qxe6 $6 Nf5 $16) 25... Nb6 26. Nc5 Bd5 27. Bb3 Bxb3 28. axb3 Qd2 29. Qd1 Qxd1+ 30. Rxd1 {[%mdl 4096] Endgame KRN-KNN} a5 31. f4 Nbd5 32. g3 Nc6 33. Ra1 g5 34. fxg5 Nxe5 35. h4 Ke7 36. Rxa5 {White is clearly winning.} Nf3+ 37. Kf2 Nd4 38. Ra7+ Kf8 39. h5 Kg7 40. Rb7 {Black did not feel at home in the position after the opening. Accuracy: White = 89%, Black = 48%.} 1-0

[Event "WSTCC-50 2020"]
[Site "Prague"]
[Date "2020.03.11"]
[Round "6.25"]
[White "Priehoda, Vitezslav"]
[Black "Vltavsky, Vladimir"]
[Result "0-1"]
[WhiteElo "2337"]
[BlackElo "2212"]
[Annotator "TA"]
[PlyCount "72"]
[EventDate "2020.03.06"]
[EventType "team-tourn"]
[EventCountry "CZE"]
[SourceTitle "playchess.com"]
[Source "ChessBase"]
[SourceQuality "1"]

{[%evp 13,72,6,25,0,7,-4,-8,-43,-40,-22,-23,-40,-35,-42,-4,-14,-6,-12,-12,-29,0,-82,-82,-82,-72,-82,-82,-86,-81,-82,-72,-72,-76,-79,-71,-78,-71,-87,-85,-140,-86,-149,-83,-151,-152,-156,-147,-302,-297,-309,-327,-381,-370,-533,-533,-518,-469,-850,-816,-2881,-2895]} 1. d4 Nf6 2. c4 e6 3. Nc3 Bb4 4. e3 c5 5. Bd3 Nc6 6. Nge2 cxd4 7. exd4 d5 8. c5 {E41: Nimzo-Indian: Rubinstein: 4...c5 5 Bd3, including Hübner Variation.} O-O 9. a3 Bxc3+ $1 10. bxc3 {The position is equal.} b6 11. cxb6 axb6 {[#]} 12. O-O $146 ({Predecessor:} 12. Bg5) 12... Ba6 13. Bc2 Ne4 14. f3 Nd6 15. Re1 Na5 {[%cal Bc6a5,Ba5b3,Bb3c1][%mdl 32]} 16. a4 Rc8 17. Bd3 (17. Bd2 $11) 17... Bxd3 $17 18. Qxd3 Nb3 19. Ra2 Nxc1 20. Rxc1 Ra8 21. Rb1 Nc4 22. Rb4 Qc7 23. Qb1 Ra7 24. h3 Rfa8 25. Qb3 g6 26. Kf2 (26. Qc2 $142) 26... Kg7 ({Better is} 26... Qd8 27. Qb1 Ra5) 27. Qd1 ({White should try} 27. Kg1) 27... Ra5 (27... Nd6 $142 28. Rab2 Qd7) 28. Qb3 ({White should play} 28. Nc1) 28... h5 29. Qb1 Qd7 30. Qb3 $2 {[#]} (30. Nc1 $17) 30... b5 $1 $19 {[%cal Bb6b5,Bb5a4][%mdl 544]} 31. Nc1 {[%cal Rb4b5]} (31. axb5 Rxa2) 31... Rxa4 ({Don't do} 31... bxa4 32. Qb1 $19) 32. Raxa4 bxa4 33. Qa2 (33. Qd1 {is a better defense.}) 33... a3 {Black is clearly winning.} 34. Nd3 Qc7 35. Nc5 (35. Rb1 $142 Qh2 36. Re1) 35... Qf4 36. Kg1 Qd2 {White did not feel at home in the position after the opening. Accuracy: White = 49%, Black = 82%.} 0-1

[Event "WSTCC-50 2020"]
[Site "Prague"]
[Date "2020.03.11"]
[Round "6.26"]
[White "Cerny, Martin"]
[Black "Vokac, Marek"]
[Result "0-1"]
[WhiteElo "2123"]
[BlackElo "2348"]
[Annotator "TA"]
[PlyCount "110"]
[EventDate "2020.03.06"]
[EventType "team-tourn"]
[EventCountry "CZE"]
[SourceTitle "playchess.com"]
[Source "ChessBase"]
[SourceQuality "1"]

{[%evp 9,110,0,22,0,0,0,0,0,0,-5,62,47,71,-7,-4,-9,-5,-14,-12,-20,0,0,0,-12,-17,-32,-27,-41,-44,-38,-33,-25,-5,0,0,0,4,0,0,0,0,-83,-29,-60,-55,-54,-34,-33,-9,-90,-82,-77,-81,-91,-79,-110,-72,-50,-15,-11,0,-41,-35,-27,-31,-27,-26,-62,-26,-26,-27,-34,-42,-186,-38,-60,-53,-59,-15,-56,0,0,0,0,0,-80,-93,-168,-161,-179,-152,-190,-80,-272,-119,-123,-116,-540,-534,-526,-514,-490,-469]} 1. d4 Nf6 2. c4 c5 3. e3 g6 4. Nc3 Bg7 5. Be2 O-O 6. Bf3 {A56: Czech Benoni.} cxd4 7. exd4 Nc6 8. Nge2 {The position is equal.} d6 9. O-O Bg4 (9... e5 $11) 10. Bxg4 $1 $14 Nxg4 {[#]} 11. b3 $146 (11. d5 $16) ({Predecessor:} 11. d5 Nce5 12. Ng3 Rc8 13. f4 Qb6+ 14. Kh1 Nf2+ 15. Rxf2 Qxf2 16. fxe5 Bxe5 17. Nce4 {½-½ (39) Fechner,J (1603)-Wehmeier,S (1813) Germany 2014}) 11... d5 $11 12. h3 Nf6 13. c5 b6 14. cxb6 axb6 15. Be3 Qd7 16. Qb1 Rfc8 17. Rc1 e6 18. Na4 Qb7 19. Qd3 Nd7 20. Nec3 Bf8 21. Nb5 Qa6 22. Qf1 Qb7 23. Bd2 Nf6 24. Rc2 Ne4 25. Be1 (25. Bf4 $11) 25... Nd6 (25... Nb4 $17 26. Rxc8 Rxc8) 26. Nxd6 Bxd6 27. Rd1 b5 28. Nc5 Qb6 29. b4 (29. Qd3 $1 $11 {remains equal.}) 29... Rc7 $17 30. Qd3 Rca7 31. Qe2 Ne7 {[%cal Bc6e7,Be7g8,Bg8f6][%mdl 32]} 32. g4 Kg7 33. Bd2 Ng8 34. Bc1 Nf6 35. a3 h5 36. Kg2 hxg4 37. hxg4 Rh8 38. Rh1 Rxh1 39. Kxh1 Qd8 40. Kg1 Qh8 {( -> ...Qh2+)} 41. Qf3 (41. f3 $1 $15) 41... Qh2+ ({Black should play} 41... Qh4 $19 {Threatens to win with ...Ra8.} 42. g5 Nh7) 42. Kf1 $15 Qh4 $36 {[%mdl 2048] White is under pressure.} 43. g5 Ng4 {Strongly threatening ...Nh2+.} 44. Ke2 Be7 (44... Re7 $15 45. Nd3 e5 46. dxe5 Bxe5 47. Nxe5 Kh7) 45. Qf4 $11 Bxg5 46. Qxg5 Qxf2+ {[%mdl 64] Double Attack} 47. Kd1 (47. Kd3 $11 Qf3+ 48. Kd2) 47... Qxd4+ $17 48. Ke2 (48. Rd2 $17 Qg1+ 49. Ke2 Qf2+ 50. Kd3 Qg3+ 51. Ke2) 48... Qf2+ $19 {[%mdl 1024] Black has strong compensation.} 49. Kd1 Qg1+ 50. Ke2 d4 (50... e5 $1 $19 {has better winning chances. White must now prevent ...Qg3.} 51. Qd2 Rxa3 $1 {[%mdl 512]}) 51. Nd3 $2 {[#]} (51. Bf4 $17) 51... Qg2+ (51... f6 $1 $19 {[%cal Rf6g5] is more deadly.} 52. Qf4 e5) 52. Kd1 $17 Qf3+ 53. Ke1 $2 {[%mdl 8192]} (53. Kd2 $17) 53... Qxd3 $19 {Black is clearly winning.} 54. Qxg4 {Hoping for Rc8.} Qxc2 55. Qxd4+ {[#]} e5 $1 {Accuracy: White = 67%, Black = 70%.} 0-1

[Event "WSTCC-50 2020"]
[Site "Prague"]
[Date "2020.03.11"]
[Round "6.27"]
[White "Zpevak, Pavel"]
[Black "Marsalek, Zdenek"]
[Result "1/2-1/2"]
[WhiteElo "2344"]
[BlackElo "2177"]
[Annotator "TA"]
[PlyCount "31"]
[EventDate "2020.03.06"]
[EventType "team-tourn"]
[EventCountry "CZE"]
[SourceTitle "playchess.com"]
[Source "ChessBase"]
[SourceQuality "1"]

{[%evp 14,15,24,19]} 1. d4 d5 2. c4 c6 3. Nf3 Nf6 4. Qc2 g6 5. Bf4 Bg7 6. e3 O-O 7. Nc3 Na6 8. Be2 {[#]} {Predecessor:} Bf5 $146 {D93: Grünfeld: 4 Nf3 Bg7 5 Bf4 0-0 6 e3.} 9. Qb3 Qb6 10. Qxb6 axb6 11. cxd5 Nxd5 12. Nxd5 cxd5 13. Kd2 Rfc8 14. Rhc1 Nc5 15. Ke1 Na4 16. b3 {0-1 (60) Postny,E (2569)-Saric,I (2662) Mali Losinj 2017} 1/2-1/2

[Event "WSTCC-50 2020"]
[Site "Prague"]
[Date "2020.03.11"]
[Round "6.28"]
[White "Zahorbensky, Jaroslav"]
[Black "Polasek, Jaroslav"]
[Result "0-1"]
[WhiteElo "2098"]
[BlackElo "2365"]
[Annotator "TA"]
[PlyCount "66"]
[EventDate "2020.03.06"]
[EventType "team-tourn"]
[EventCountry "CZE"]
[SourceTitle "playchess.com"]
[Source "ChessBase"]
[SourceQuality "1"]

{[%evp 9,66,0,8,0,0,0,0,0,10,10,6,0,16,-28,-25,-35,-31,-54,-37,-45,-51,-54,-32,-53,-52,-41,-45,-64,-69,-164,-45,-170,-177,-193,-212,-240,-222,-272,-55,-58,-57,-954,-942,-1417,-941,-1400,-1336,-2620,-2970,-2602,-2579,-2067,-2048,-29995,-29996,-29997,-29998,-29998,-29999]} 1. e4 e6 2. d4 d5 3. exd5 exd5 4. Bf4 Nf6 5. Bd3 c5 6. dxc5 {C01: French: Exchange Variation.} Bxc5 7. Nf3 O-O 8. O-O {The position is equal.} Bg4 9. h3 Bh5 10. Nbd2 Nc6 11. Nb3 Bb6 12. c3 Re8 13. g4 Bg6 14. Bxg6 hxg6 {[#]} 15. Nbd4 $146 ({Predecessor:} 15. Re1 Ne4 16. Nfd4 Qf6 17. Be3 Ne5 18. f3 Nd6 19. g5 Qd8 20. Bf4 Ndc4 21. Qc2 Nxf3+ {0-1 (21) Sally,P (1973)-Pieroni,G (2200) Le Grand Bornand 2007}) 15... Re4 16. Be3 Qd7 {...Nxg4! is the strong threat.} 17. Re1 Rae8 18. Ng5 R4e7 19. Qd2 {[#]} ({White should play} 19. Nc2 $15) 19... Bc7 (19... Nxg4 $1 $19 {[%mdl 512]} 20. Nxc6 (20. hxg4 Qxg4+) 20... bxc6 21. Bxb6 axb6 22. Rxe7 Rxe7) 20. Kf1 (20. Ndf3 $1 $15) 20... Ne5 $19 21. b3 {[#]} Ne4 $1 {[%cal Re4d2]} 22. Nxe4 dxe4 23. Ke2 Nxg4 $2 (23... f5 $19 24. gxf5 gxf5) 24. hxg4 $15 Qxg4+ 25. f3 $2 {[%mdl 8192]} (25. Kf1 $15) 25... exf3+ $19 {[%mdl 64] Discovered Attack} 26. Kd3 Qe4+ 27. Kc4 {[#]} b5+ $1 {[%mdl 512]} 28. Kb4 (28. Kxb5 Re6) 28... Bd6+ 29. Ka5 Qb7 {[%csl Ga7][%cal Rb7b6]} 30. Nxb5 {[#]} Rxe3 $1 {[%mdl 512]} 31. Nxd6 (31. Qxe3 Rxe3) 31... R8e5+ {Black mates.} 32. Ka4 Qa6+ 33. Kb4 Qa5+ {Accuracy: White = 54%, Black = 83%.} 0-1

[Event "WSTCC-50 2020"]
[Site "Prague"]
[Date "2020.03.11"]
[Round "6.29"]
[White "Strutinskaia, Galina"]
[Black "Fritsche, Lutz"]
[Result "0-1"]
[WhiteElo "2214"]
[BlackElo "2321"]
[Annotator "TA"]
[PlyCount "64"]
[EventDate "2020.03.06"]
[EventType "team-tourn"]
[EventCountry "CZE"]
[SourceTitle "playchess.com"]
[Source "ChessBase"]
[SourceQuality "1"]

{[%evp 20,64,4,12,19,-2,8,0,16,-16,6,-30,-36,-31,-12,-28,-20,-110,-95,-112,-124,-139,-142,-233,-95,-184,-163,-337,-314,-467,-425,-624,-625,-756,-703,-1211,-1166,-1160,-1126,-29978,-29979,-29973,-7150,-29978,-29978,-3097,-2929]} 1. d4 g6 2. g3 Bg7 3. Bg2 d6 4. Nf3 Nf6 5. O-O O-O 6. c4 Nbd7 7. b3 e5 8. Bb2 Re8 9. e3 e4 10. Nfd2 Nf8 11. Nc3 {[%cal Rc3e4]} Bf5 $1 {E67: King's Indian: Fianchetto: 6...Nbd7.} 12. b4 h5 13. Qc2 {[%cal Rd2e4]} Qe7 {[#] The position is equal.} 14. Rfc1 $146 ({Predecessor:} 14. Nd5 Nxd5 15. cxd5 Nh7 16. Rfe1 Nf6 17. Qb3 h4 18. h3 Kh7 19. g4 Bxg4 20. hxg4 Nxg4 21. Nxe4 {1-0 (49) Tejero Royo,F (2136)-Garcia Castellote,D (2009) La Pobla de Lillet 2012}) 14... c6 15. a4 h4 16. a5 hxg3 17. hxg3 a6 18. b5 {[#]} (18. d5 $11) 18... N8h7 $1 $17 19. bxc6 bxc6 20. Qa4 Ng5 21. Ba3 {[#]} (21. Ne2 $17) 21... Bd7 (21... Qd7 $1 $19 {is more deadly.} 22. Ne2 Bh3) 22. Qb4 (22. Rab1 $17 {was worth a try.}) 22... Bf8 23. Nd1 $2 (23. Ne2) 23... Qe6 $19 24. Ra2 (24. f4 $142 exf3 25. Nxf3 Nh3+ 26. Kh2) 24... Qg4 25. Qb2 (25. Qb3 $142 Rab8 26. Qc2) 25... Qh5 26. d5 Bg7 27. dxc6 Bh3 {( -> ...Bxg2)} 28. Bh1 Bg4 29. Nc3 Nf3+ 30. Nxf3 Bxf3 {[%csl Gf3][%cal Rh5h1]} 31. Bg2 Ng4 32. Kf1 Qh2 {Accuracy: White = 22%, Black = 88%.} 0-1

[Event "WSTCC-50 2020"]
[Site "Prague"]
[Date "2020.03.11"]
[Round "6.30"]
[White "Schulz, Klaus-Juergen"]
[Black "Sirotkina, Nina"]
[Result "1/2-1/2"]
[WhiteElo "2331"]
[BlackElo "2183"]
[Annotator "TA"]
[PlyCount "83"]
[EventDate "2020.03.06"]
[EventType "team-tourn"]
[EventCountry "CZE"]
[SourceTitle "playchess.com"]
[Source "ChessBase"]
[SourceQuality "1"]

{[%evp 15,83,0,20,18,14,0,0,7,45,17,37,7,26,12,19,16,16,7,1,-11,-15,-10,16,10,28,18,17,16,23,-13,-15,-12,-8,0,22,22,22,22,33,15,29,0,25,25,56,56,56,56,56,25,33,25,56,56,56,25,25,25,56,0,25,0,56,56,38,3,4,0,0,6]} 1. e4 c5 2. Nf3 e6 3. d3 Nc6 4. g3 d6 5. Bg2 Nf6 6. O-O Be7 7. Re1 O-O 8. c3 e5 9. Nbd2 {B30: Sicilian: 2...Nc6 3 Bb5, lines without ...g6.} Re8 10. a4 Bf8 11. Nc4 {[#]} b6 $146 ({Predecessor:} 11... h6 12. a5 Be6 13. Qa4 Qd7 14. Bd2 Rab8 15. b4 Bh3 16. b5 Nd8 17. b6 a6 18. Qxd7 Bxd7 {1-0 (44) Giri,A (2762)-Podlesnik,B (2372) Antalya 2017}) 12. Ne3 g6 13. Nd2 Bh6 14. Ndc4 Rb8 15. Qf3 Bg7 16. h3 a6 17. Ng4 Nxg4 18. hxg4 f6 19. Ne3 Rf8 20. Qe2 Be6 21. Nd5 Ne7 22. Be3 Nxd5 23. exd5 Bd7 24. d4 a5 25. dxe5 fxe5 26. Be4 Bf6 27. f3 Bg5 28. c4 Bxe3+ 29. Qxe3 Qf6 30. Kg2 Rf7 31. Rh1 Rbf8 32. Rh6 Rg7 33. b3 Be8 34. Rah1 Qe7 35. R1h4 Bd7 36. Qc1 Be8 37. Qe3 Bd7 38. Rh1 Be8 39. R6h4 Qf6 40. g5 Qe7 41. Re1 Bd7 42. Bd3 {Accuracy: White = 77%, Black = 79%.} 1/2-1/2

[Event "WSTCC-50 2020"]
[Site "Prague"]
[Date "2020.03.11"]
[Round "6.31"]
[White "Bogumil, Tatiana"]
[Black "Maier, Christian"]
[Result "1/2-1/2"]
[WhiteElo "2182"]
[BlackElo "2294"]
[Annotator "TA"]
[PlyCount "86"]
[EventDate "2020.03.06"]
[EventType "team-tourn"]
[EventCountry "CZE"]
[SourceTitle "playchess.com"]
[Source "ChessBase"]
[SourceQuality "1"]

{[%evp 9,86,33,35,20,27,15,27,21,14,0,0,4,2,-22,-3,-16,-6,-7,0,0,0,0,0,0,0,0,0,0,0,-21,0,0,0,0,0,0,0,-17,-14,-43,0,0,0,0,0,0,0,0,-6,-16,0,0,15,7,20,0,0,0,0,0,3,0,0,0,0,0,0,0,0,-61,-19,-71,0,0,0,0,0,0,0]} 1. Nf3 Nc6 2. d4 d6 3. e4 e5 4. h3 exd4 5. Nxd4 Nf6 6. Nxc6 {C41: Philidor Defence.} bxc6 7. Bd3 Be7 8. O-O {White has an edge.} O-O 9. c4 Nd7 10. Nc3 Bf6 {[#]} 11. Bd2 $146 ({Predecessor:} 11. Qc2 Ne5 12. Be2 a5 13. Be3 Qe7 14. Rad1 Bb7 15. f4 Nd7 16. Bf3 g6 17. b3 {½-½ (63) Betz,E (2011)-Ranki,M (1927) Dresden 2010}) 11... Re8 12. Re1 Nc5 13. Bc2 Rb8 14. Rb1 Ne6 15. Ba4 Bd7 16. b4 Be5 17. Ne2 Qh4 18. Bc2 c5 19. bxc5 Nxc5 20. Rxb8 Rxb8 21. f4 Bb2 22. Be3 Qe7 23. Ng3 Bc3 24. Re2 Be6 25. Bd4 Bxd4+ 26. Qxd4 Qh4 27. Nf5 Bxf5 $1 28. exf5 Qf6 29. Qe3 {[#] Qe8+! would kill now.} Rf8 30. Kh2 h6 31. g4 Qh4 32. Qd4 a6 33. Qe3 Rb8 34. f6 Ne6 35. fxg7 {[#] aiming for Qe4.} Qf6 36. Rf2 $40 {[%mdl 128] White attacks.} Qd4 37. Qxd4 Nxd4 $11 {[%mdl 4096] Endgame KRB-KRN} 38. Be4 Kxg7 39. g5 ({Better is} 39. Rd2 $11 Ne6 40. Kg3) 39... Rb4 40. Bd3 (40. Bd5 $11 {remains equal.}) 40... hxg5 ({Black should play} 40... Ra4 $17) 41. fxg5 {The position is equal.} Nc6 42. c5 a5 43. cxd6 cxd6 {Accuracy: White = 94%, Black = 91%.} 1/2-1/2

[Event "WSTCC-50 2020"]
[Site "Prague"]
[Date "2020.03.11"]
[Round "6.32"]
[White "Polster, Wolfgang"]
[Black "Fatalibekova, Elena"]
[Result "1-0"]
[WhiteElo "2201"]
[BlackElo "2158"]
[Annotator "TA"]
[PlyCount "101"]
[EventDate "2020.03.06"]
[EventType "team-tourn"]
[EventCountry "CZE"]
[SourceTitle "playchess.com"]
[Source "ChessBase"]
[SourceQuality "1"]

{[%evp 20,101,0,7,14,-18,9,-3,8,12,34,-12,-15,-19,0,0,0,0,0,0,143,138,140,122,141,136,120,103,96,91,110,118,97,112,185,184,341,299,381,402,664,666,826,825,809,822,784,792,1039,1017,968,675,897,568,929,918,883,899,953,899,1075,1045,1022,1037,1133,1365,1365,1360,1378,1361,1309,1264,1165,800,1241,1195,1255,1021,1036,1000,2906,2460,1823,1403]} 1. e4 c5 2. Nf3 e6 3. d3 d5 4. Nbd2 g6 5. g3 Bg7 6. Bg2 Ne7 7. O-O Nbc6 8. Re1 O-O 9. c3 Qc7 10. Qe2 b6 11. e5 a5 {A08: King's Indian Attack.} 12. a4 Ba6 {[#]} 13. Nb1 $146 ({Predecessor:} 13. h4 Rab8 14. Nf1 b5 15. axb5 Rxb5 16. N1h2 Kh8 17. h5 Ng8 18. Bh3 Bc8 19. d4 Qb8 20. Bf1 Na7 21. Qc2 {0-1 (41) Dordzhieva,D (2277)-Chernyak,V (2241) Loo 2017}) 13... b5 {The position is equal.} 14. axb5 Bxb5 15. Bf4 Ba6 16. Nbd2 {[%cal Bb1d2,Bd2e4,Be4f6][%mdl 32]} Rab8 17. b3 h6 18. h4 h5 19. Bh3 d4 (19... Qb6 $11) 20. c4 $16 Nb4 {With the idea ...Nc2.} 21. Ne4 Bb7 {Strongly threatening ...Bxe4.} 22. Nf6+ Kh8 {White should prevent ...Bxf3.} 23. Bg2 Nf5 24. Qd2 Bc6 {[#]} 25. Ng5 $1 Bxg2 26. Kxg2 Qb7+ {[#]} (26... Nc6 $16 {was worth a try.}) 27. Nge4 $1 $18 Qc7 $2 (27... Ra8 {is a better defense.} 28. Bg5 Bxf6 29. Bxf6+ Kh7) 28. Rh1 Nc6 29. g4 Nxe5 ({Much worse is} 29... hxg4 30. h5 $18) (29... Nfe7 $142 30. gxh5 Nf5 31. hxg6 fxg6) 30. gxf5 {White is clearly winning.} exf5 31. Nd5 Qb7 32. Nxc5 Qc6 33. Rxa5 Rfd8 34. Bxe5 Bxe5 35. Qh6+ Kg8 36. f3 {[%cal Rd5e7]} Re8 37. Re1 Bg7 38. Qd2 Kh7 39. b4 Rxe1 40. Qxe1 Re8 41. Qf2 Qd6 42. Ra6 Qd8 43. Ra7 {[%cal Ba6a7,Ba7b7,Bb7b8][%mdl 32]} Kg8 44. f4 Qb8 45. Rb7 Qd8 46. Kh3 Qd6 47. Nd7 Re6 48. Rb8+ Kh7 49. Rd8 Qc6 50. b5 Qb7 51. Nc5 {Accuracy: White = 84%, Black = 47%.} 1-0

[Event "WSTCC-50 2020"]
[Site "Prague"]
[Date "2020.03.11"]
[Round "6.33"]
[White "Netusil, Miloslav"]
[Black "Pekarek, Ales"]
[Result "1/2-1/2"]
[WhiteElo "2151"]
[BlackElo "2274"]
[Annotator "TA"]
[PlyCount "27"]
[EventDate "2020.03.06"]
[EventType "team-tourn"]
[EventCountry "CZE"]
[SourceTitle "playchess.com"]
[Source "ChessBase"]
[SourceQuality "1"]

{[%evp 17,27,47,47,11,72,67,91,97,154,158,154,131]} 1. d4 Nf6 2. c4 c5 3. d5 b5 4. Qc2 bxc4 5. e4 d6 6. Nc3 g6 7. Bxc4 Bg7 8. Nf3 O-O 9. O-O Nbd7 10. Bf4 {[#] A57: Benko/Volga Gambit.} h6 $146 (10... Ng4 $11) ({Predecessor:} 10... Ng4 11. Rab1 Nge5 12. Nxe5 Nxe5 13. b3 f5 14. f3 h6 15. Ne2 g5 16. Bxe5 Bxe5 17. exf5 Bxf5 {½-½ (36) Nguyen Cadoret,N (1964)-Ciccoli,T (2126) Agen 2018}) 11. h3 $16 Nh7 12. Rfe1 Rb8 {[#]} (12... Nb6 $142 13. Bb5 Rb8) 13. e5 $1 Rb4 {...dxe5 is the strong threat.} 14. b3 {Black got outplayed after the opening} ({But not} 14. exd6 $6 exd6 15. b3 Nb6 $11) 1/2-1/2

[Event "WSTCC-50 2020"]
[Site "Prague"]
[Date "2020.03.11"]
[Round "6.34"]
[White "Sorm, Daniel"]
[Black "Pilar, Miloslav"]
[Result "1-0"]
[WhiteElo "2328"]
[BlackElo "2056"]
[Annotator "TA"]
[PlyCount "55"]
[EventDate "2020.03.06"]
[EventType "team-tourn"]
[EventCountry "CZE"]
[SourceTitle "playchess.com"]
[Source "ChessBase"]
[SourceQuality "1"]

{[%evp 15,55,16,36,-14,54,72,70,46,66,38,45,31,31,15,12,22,26,28,63,54,56,22,61,28,58,48,95,90,120,105,120,71,74,72,60,24,100,97,210,204,360,334]} 1. d4 e6 2. c4 Bb4+ 3. Nc3 Nf6 4. e3 O-O 5. Bd3 d5 6. cxd5 exd5 7. Nge2 c6 8. O-O Bd6 9. a3 {[#] E48: Nimzo-Indian: Rubinstein: 5 Bd3 d5 including 6 Ne2, but excluding 6 a3.} Bg4 $146 (9... Re8 $11) ({Predecessor:} 9... Re8 10. Bd2 Ne4 11. Nxe4 dxe4 12. Bc4 Qe7 13. f3 Be6 14. Bxe6 Qxe6 15. fxe4 Qxe4 16. Qb3 Re7 17. Nc3 Qe6 18. Qxe6 Rxe6 19. e4 {Rattay,W (2040)-Owens,J (2122) ICCF email 2016}) 10. f3 $14 Bh5 11. Nf4 {White is slightly better.} Bg6 12. Nxg6 hxg6 13. Kh1 Bc7 14. Bd2 Qd6 {[%csl Gc7][%cal Rd6h2] [#]} 15. g3 Nbd7 {[%cal Bb8d7,Bd7f8,Bf8e6][%mdl 32]} 16. Qe2 Bb6 17. Na4 Rfe8 {White should prevent ...Bxd4!} 18. Qf2 c5 19. Nxb6 axb6 20. g4 Nf8 21. g5 N6h7 22. f4 f5 23. dxc5 bxc5 24. Rfd1 Ne6 25. Qf3 b6 (25... Nc7 $11 {remains equal.}) 26. Bc3 $16 {Bc4! is the strong threat.} Rad8 (26... Nc7 $16 {was necessary.}) 27. Bb5 $18 Rf8 $2 {[#]} (27... d4 28. exd4 (28. Bxe8 Rxe8 29. exd4 cxd4 $18) 28... cxd4 29. Bxe8 Rxe8) 28. Bc4 $1 {[%mdl 512] Accuracy: White = 78%, Black = 43%.} 1-0

[Event "WSTCC-50 2020"]
[Site "Prague"]
[Date "2020.03.11"]
[Round "6.35"]
[White "Groh, Jiri"]
[Black "Mudrak, Josef"]
[Result "0-1"]
[WhiteElo "1979"]
[BlackElo "2213"]
[Annotator "TA"]
[PlyCount "80"]
[EventDate "2020.03.06"]
[EventType "team-tourn"]
[EventCountry "CZE"]
[SourceTitle "playchess.com"]
[Source "ChessBase"]
[SourceQuality "1"]

{[%evp 12,80,25,0,27,31,47,39,47,39,62,30,52,46,84,58,63,22,17,-10,-22,-8,0,15,30,36,44,44,50,44,49,46,46,-20,-17,-39,-36,-40,-40,-40,-40,-38,-38,-36,-31,-41,-33,-185,-50,-59,-58,-82,-11,-11,-35,-112,-104,-101,-128,-188,-206,-256,-229,-273,-264,-1597,-1586,-1261,-1133,-930,-890]} 1. Nf3 Nf6 2. c4 c6 3. Nc3 g6 4. b3 Bg7 5. Bb2 O-O 6. e3 d5 7. Be2 Bf5 {A11: English Opening: 1...c6.} 8. O-O a5 {[#]} 9. Qc1 $146 ({Predecessor:} 9. Rc1 Na6 10. cxd5 Nxd5 11. d4 Nab4 12. a3 Nxc3 13. Rxc3 Nd5 14. Rc1 Re8 15. Re1 {1-0 (62) Bacrot,E (2697)-Demuth,A (2545) Berlin 2015}) 9... Na6 {White is slightly better.} 10. d4 h6 11. Rd1 g5 12. Ne5 e6 13. Bd3 Bxd3 14. Rxd3 Nd7 15. Ne2 Nxe5 16. dxe5 Qc7 17. f4 Rfd8 18. cxd5 Rxd5 19. Rxd5 cxd5 20. Qxc7 Nxc7 21. Rc1 Na6 22. Nd4 ({White should play} 22. a4 $14) 22... Nb4 $11 23. Rc7 Nd3 24. Bc1 a4 25. Rc3 Nb4 26. Bd2 Nxa2 27. Rc7 gxf4 28. exf4 Bf8 {aiming for ...b6.} 29. Kf1 $2 (29. bxa4 $1 $15 Rxa4 30. Nb5) 29... b6 ({Better is} 29... a3 $19 {And now ...Nb4 would win.} 30. Nc2 d4 $1 {[%mdl 512]}) 30. bxa4 $15 Rxa4 31. Nb5 {[#]} Rc4 (31... Bb4 $1 $17 {[%cal Rb4d2]} 32. Be3 Bc5 33. Bxc5 bxc5) 32. Ra7 Rc2 33. Ke1 {[#]} (33. Be3 $15) 33... Bb4 $1 $17 {[%cal Rb4d2]} 34. Bxb4 Nxb4 {[%mdl 4096] Endgame KRN-KRN} 35. g3 (35. Nd6 $17) 35... Rxh2 $19 36. Nd6 Nc2+ 37. Kd1 Ne3+ 38. Ke1 $2 (38. Kc1) 38... d4 {( -> ...d3). Black is clearly winning.} 39. Ne4 d3 {[%csl Gd3][%cal Rh2e2]} 40. Nf2 {[#]} Rxf2 $1 {[%mdl 64] Promotion. Accuracy: White = 51%, Black = 84%.} 0-1